000
00329nam a2200145Ia 4500
005
20251222152047.0
008
251222s9999||||xx |||||||||||||| ||spa||
020
_a
9972686639
082
_a
249.71/J81
100
_a
"Juan Pablo II, Papa"
245
0
_a
Vita consecrata
250
_a
1ra.ed.
264
_b
Civitas
942
_c
LIB
999
_c
26280
_d
26280